Книга памяти жертв политических репрессий Новгородской области. Т. 13 (Запись № 11544624)

Подробности
000 -МАРКЕР
контрольное поле 02813nam2a2200301 4500
001 - ИДЕНТИФИКАТОР ЗАПИСИ
контрольное поле RU\NLR\BIBL_A\012029687
005 - ИДЕНТИФИКАТОР ВЕРСИИ
контрольное поле 20260407070935.0
035 ## - ДРУГИЕ СИСТЕМНЫЕ НОМЕРА
Идентификатор записи (NLR Aleph) 012029687
100 ## - ДАННЫЕ ОБЩЕЙ ОБРАБОТКИ
Данные общей обработки 20190604d2013 |||y0rusy50 ca
101 0# - ЯЗЫК РЕСУРСА
Язык текста, звукозаписи и т.д. русский
102 ## - СТРАНА ПУБЛИКАЦИИ ИЛИ ПРОИЗВОДСТВА
Страна публикации Российская Федерация
105 ## - ПОЛЕ КОДИРОВАННЫХ ДАННЫХ: ТЕКСТОВЫЕ МАТЕРИАЛЫ, МОНОГРАФИЧЕСКИЕ
Кодированные данные о монографическом текстовом документе acbhz|||010zy
200 0# - ЗАГЛАВИЕ И СВЕДЕНИЯ ОБ ОТВЕТСТВЕННОСТИ
Основное заглавие Т. 13
Первые сведения об ответственности Новгородская региональная общественная благотворительная организация инвалидов "Общество реабилитированных Новгородской области" [и др.]
Последующие сведения об ответственности главный редактор, составитель: Н.А. Ольшанский]
210 ## - ПУБЛИКАЦИЯ, РАСПРОСТРАНЕНИЕ И ДР.
Место издания, распространения и т.д. Великий Новгород
Имя издателя, распространителя и т. д. Общество реабилитированных Новгородской области
Дата издания, распространения и т.д. 2013
215 ## - ФИЗИЧЕСКАЯ ХАРАКТЕРИСТИКА
Специфическое обозначение материала и объем 423 с., [8] л. цв. ил., карт.
Другие сведения о физической характеристике ил., портр., карт., факс., табл.
300 ## - ОБЩИЕ ПРИМЕЧАНИЯ
Текст примечания В надзаг. также: Общерос. обществ. благотвор. орг. инвалидов-жертв полит. репрессий "Рос. ассоц. реабилитир.", Правительство Новгор. обл., Департамент культуры и туризма Новгор. обл., Комиссия по восстановлению прав реабилитир. жерт полит. репрессий
300 ## - ОБЩИЕ ПРИМЕЧАНИЯ
Текст примечания На тит. л.: 1150 лет Российской государственности, 75 лет памяти жерт "большого террора" в СССР
320 ## - ПРИМЕЧАНИЯ О НАЛИЧИИ В ДОКУМЕНТЕ БИБЛИОГРАФИИ / УКАЗАТЕЛЯ
Текст примечания Библиогр.: с. 394-413 и в подстроч. примеч.
461 #0 - УРОВЕНЬ НАБОРА
Встроенное поле 001RU\NLR\bibl\247207
-- 2001#$aКнига памяти жертв политических репрессий Новгородской области$fРос. ассоц. жертв полит. репрессий. Новгор. отд-ние$vТ. 13
Системный номер (АБИС) связанной записи 1416836
Место публикации Новгород
Дата публикации 1993
Первые сведения об ответственности Рос. ассоц. жертв полит. репрессий. Новгор. отд-ние
Имя издателя, распространителя и т.д. Новгор. отд-ние Рос. ассоц. жертв полит. репрессий
Заглавие Книга памяти жертв политических репрессий Новгородской области
Номер тома Т. 13
712 02 - НАИМЕНОВАНИЕ ОРГАНИЗАЦИИ - ВТОРИЧНАЯ ОТВЕТСТВЕННОСТЬ
Код отношения Издающая организация
Начальный элемент ввода "Общество реабилитированных Новгородской области", региональная организация жертв необоснованных политических репрессий
Идентифицирующий признак Великий Новгород
Системный номер авторитетной/нормативной записи 567248
Идентификатор авторитетной/нормативной записи RU\NLR\AUTH\8810034471
852 ## - МЕСТОНАХОЖДЕНИЕ И ШИФР ХРАНЕНИЯ
Идентификатор организации NLR
Шифр хранения (Call Number) С К-5/277
942 ## - ДОПОЛНИТЕЛЬНЫЕ ЭЛЕМЕНТЫ ЗАПИСИ (АБИС)
Тип экземпляра АБИС Книга
980 ## - КОЛЛЕКЦИЯ
Название коллекции Национальная библиография
Экземпляры
Тип экземпляра Дата поступления Источник поступления Стоимость Библиотека постоянного хранения Библиотека текущего хранения Место хранения Шифр хранения Штрих-код Статус экземпляра
Книга 04.06.2019 Дар 200.00 РНБ (Московский) РНБ (Московский) Центральная справочная библиотека С К-5/277 1-2727313